Applied wave mechanics.

Saved in:
Bibliographic Details
Main Author: Golding, R. M. (Raymund Marshall), 1935-
Format: Book
Language:English
Published: London : Van Nostrand , [1969].
Series:Van Nostrand series in physical chemistry
Subjects:
LEADER 00908nam a2200253 i 4500
001 c000306700
003 CARM
005 00000000000000.0
008 840316s1969 enk 0 eng d
019 1 |a 30505  |z 57994266  |5 LACONCORD2021 
035 |a (OCoLC)55156  |5 LACONCORD2021 
082 0 4 |a 541.28 
100 1 |a Golding, R. M.  |q (Raymund Marshall),  |d 1935- 
245 1 0 |a Applied wave mechanics. 
260 |a London :  |b Van Nostrand ,  |c [1969]. 
300 |a 476 p. :  |b illus. 
490 0 |a Van Nostrand series in physical chemistry 
500 |a Bibliography: p. [457]-463. 
650 0 |a Wave mechanics. 
650 0 |a Nuclear spectroscopy. 
650 0 |a Quantum chemistry. 
852 8 |b CARM  |h A1:AQ24F0  |i C10831  |p 0503454  |f BK 
999 f f |i 9cb8ef8a-47e2-5940-94f0-72b4752d1059  |s bcb82e8d-38b1-515f-9bd6-f0e1d6138acd 
952 f f |p Can circulate  |a CAVAL  |b CAVAL  |c CAVAL  |d CARM 1 Store  |e C10831  |f A1:AQ24F0  |h Other scheme  |i book  |m 0503454